=LDR 00000nam 2200000 4500 =001 INLIS000000000033315 =990 ##$$a 21004027 =005 20210617083622 =990 ##$$a 21004030 =035 ##$$a 0010-061300000033315 =990 ##$$a 21004029 =008 210617################g##########0#ind## =990 ##$$a 21004028 =041 ##$$a ind =082 ##$$a 346.002 =090 ##$$a 346.002, Sub,c =100 ##$$a Suhardana, FX =245 1#$$a Contract drafting : $b Kerangka dasar dan teknik penyusunan kontrak /$c FX.Suhardana =260 ##$$a Yogyakarta :$b Universitas Atmajaya,$c 2008 =300 ##$$a vi,155 hlm ; $c 10 x 21 cm =650 #4$$a Kontrak =850 ##$$a NBPNMAT =020 ##$$a 978-979-1317-07-8 =084 ##$$a 346.002 SUH c =250 ##$$a Cet. 1 =990 ##$$a 21004027 =990 ##$$a 21004030 =990 ##$$a 21004029 =990 ##$$a 21004028